000 00474nam a2200169Ia 4500
008 240729s9999 xx 000 0 und d
022 _a2321-3701
245 0 _aMuller Journal of Medical Sciences and Research
260 _aIndia
260 _bWolters Kluwer Medknow Publications
650 _a Homeopathy
650 _a Nursing | Medicine
650 _aMedicine
856 _uhttps://doaj.org/toc/088f085cd14c425c965a448358dc1581
942 _2ddc
942 _cDOAJEJ
999 _c70297
_d70297
945 _a1
_bMadushi Gamage
_c1
_dMadushi Gamage